| 000 | 01149njm a2200301Ia 4500 | ||
|---|---|---|---|
| 001 | 82908 | ||
| 003 | IT-RoPAU | ||
| 005 | 20220918181151.0 | ||
| 008 | 131025s9999 xx 000 0 und d | ||
| 040 | _aIT-RoPAU | ||
| 040 | _cIT-RoPAU | ||
| 041 | _aITALIANO | ||
| 999 |
_c102154 _d102154 |
||
| 999 | _bn.d. | ||
| 100 |
_aDi Mario Angelo _9853 |
||
| 100 |
_eAutore musica _926171 |
||
| 100 |
_gCodice autore musica SPICS: 10868 _9855 |
||
| 245 | _aNatale special-Recital natalizio | ||
| 250 | _a1a ed. | ||
| 260 | _aALBANO | ||
| 260 |
_bEP - MUSICALI E DISCOGRAFICHE _c1989 [1a Ed.:1989 - Ed. Lingua Orig.: 1989] |
||
| 300 | _aSPARTITO MUSICALE | ||
| 300 | _c (Testo: 36 pag.) | ||
| 500 | _aSpartito musicale del recital natalizio | ||
| 505 | _aAbbracciamoci, è Natale - Tutto a posto, Gesù - Girotondo intorno all'alberello - Natale è poesia - Natale con i nonni - Natale con mamma e papà - E' nato un amore - Gloria gloria - Bandierine di Natale | ||
| 650 |
_aCANTI DI NATALE [SPARTITI MUSICALI] _eCodice MATERIA SPICS: 9953 _926172 |
||
| 700 |
_aTombolato Pino _eAutore testo e musica _gCodice autore testo/musica SPICS: 10145 _926173 |
||
| 942 |
_cMS _2ddc |
||